Top 10 des artistes ayant vendu le plus d'albums dans l'histoire - Statistiques

Statistiques générales
  • Ce quiz a été pris 30 fois
  • Le résultat moyen est 4 sur 10
Statistiques - réponses
Hint Réponse % Correct
~350 M albums Michael Jackson
97%
~600 M albums The Beatles
69%
~250 M albums Rihanna
52%
~300 M albums Madonna
38%
~200 M albums AC/DC
31%
~500 M albums Elvis Presley
31%
~150 M albums ABBA
14%
~250 M albums Pink Floyd
14%
~300 M albums Led Zeppelin
10%
~200 M albums Eagles
0%
Aucun quiz correspondant
Distribution des résultats
% des personnes avec chaque résultat
Percentile par nombre de réponses
Votre historique - résultats
Vous n’avez pas pris ce quiz